000 01354nam a2200253Ia 4500
003 Ost
005 20260507075003.0
008 260507s9999||||xx |||||||||||||| ||und||
020 _a9957402145
040 _cfsecg
041 _aara
082 _a361.25
100 _aغنيم، عثمان محمد
_eمؤلف
245 0 _aالتخطيط :
_bأسس ومبادئ عامة /
_c عثمان محمد غنيم
250 _aطبعة 4
260 _aعمان:
_bدار صفاء للنشر والتوزيع,
_c2008
300 _a300 صفحة؛
_bإيضاحات ؛
_c24 سم
504 _aبيبليوغرافيا: ص.297 (اقتناءات 2014 3.) الطبعة 4 مزيدة ومنقحة
520 _aيضم التخطيط (إطار نظري عام) -مراحل عملية التخطيط -الخطة ومحتواها -التخطيط من أعلى(المركزية) والتخطيط من أسفل (اللامركزية) -المشاركة الشعبية في التخطيط (التخطيط التشاركي) -الكمبيوتر والاستشعار عن بعد في خدمة التخطيط -أنواع من التخطيط -التجربة الأردنية الرسمية في التخطيط.
653 _aالتخطيط
653 _aالتخطيط الاجتماعي
653 _aالتخطيط الإقليمي -الأردن
942 _cكتاب
999 _c42093
_d42093